Mangas et Anime - Quiz par let... ou presque : Photos de couverture - Statistiques

Statistiques générales
  • Ce quiz a été pris 117 fois
  • Le résultat moyen est 6 sur 24
Statistiques - réponses
Lettre Année Manga/Anime % Correct
N 1999 Naruto
88%
O 1997 One Piece
88%
D 1984 Dragon Ball
72%
H 1998 Hunter x Hunter
52%
A 2012 Assassination Classroom
43%
B 1989 Berserk
43%
F 2001 Fullmetal Alchemist
36%
J 1986 Jojo's Bizarre Adventure
35%
G 1997 Great Teacher Onizuka
23%
C 2006 Code Geass
22%
V 2005 Vinland Saga
19%
Y 1996 Yu-Gi-Oh!
14%
S 1990 Slam Dunk
13%
W 2021 Wind Breaker
13%
I 1996 Inu-Yasha
11%
M 2020 Mashle
11%
E 2002 Eyeshield 21
10%
K 2006 Kingdom
10%
R 1987 Ranma 1/2
10%
U 2004 Übel Blatt
5%
Z 2002 Zetman
5%
P 1988 Parasite
4%
L 2010 Log Horizon
2%
T 1968 Tiger Mask
2%
Aucun quiz correspondant
Distribution des résultats
% des personnes avec chaque résultat
Percentile par nombre de réponses
Votre historique - résultats
Vous n’avez pas pris ce quiz